<?xml version="1.0" encoding="UTF-8"?>
<record
    xmlns:xsi="http://www.w3.org/2001/XMLSchema-instance"
    xsi:schemaLocation="http://www.loc.gov/MARC21/slim http://www.loc.gov/standards/marcxml/schema/MARC21slim.xsd"
    xmlns="http://www.loc.gov/MARC21/slim">

  <leader>01505cam a2200241 a 4500</leader>
  <controlfield tag="003">CO-ViMGA</controlfield>
  <controlfield tag="008">970117m19821983ck abdo r     001 0 spa d</controlfield>
  <datafield tag="040" ind1=" " ind2=" ">
    <subfield code="a">CO-ViMGA</subfield>
    <subfield code="b">spa</subfield>
    <subfield code="c">CO-ViMGA</subfield>
  </datafield>
  <datafield tag="082" ind1="0" ind2="4">
    <subfield code="a">467.9861</subfield>
    <subfield code="2">21</subfield>
    <subfield code="b">I57a</subfield>
  </datafield>
  <datafield tag="245" ind1="0" ind2="0">
    <subfield code="a">Atlas ling&#xFC;&#xED;stico-etnogr&#xE1;fico de Colombia /</subfield>
    <subfield code="c">Luis Fl&#xF3;rez ...[et al.]</subfield>
  </datafield>
  <datafield tag="246" ind1="0" ind2="4">
    <subfield code="a">ALEC</subfield>
  </datafield>
  <datafield tag="260" ind1=" " ind2=" ">
    <subfield code="a">Bogot&#xE1;</subfield>
    <subfield code="b">Instituto Caro y Cuervo</subfield>
    <subfield code="c">1982-1983.</subfield>
  </datafield>
  <datafield tag="300" ind1=" " ind2=" ">
    <subfield code="a">6 v.</subfield>
    <subfield code="b">il., suplemento volumen 3 : texto y dos discos, mapas y fotos</subfield>
    <subfield code="c">49 cm.</subfield>
  </datafield>
  <datafield tag="500" ind1=" " ind2=" ">
    <subfield code="a">Libro en formato grande.</subfield>
  </datafield>
  <datafield tag="505" ind1="0" ind2=" ">
    <subfield code="a">Vol. 1.</subfield>
    <subfield code="t">Tiempo y espacio. --</subfield>
    <subfield code="t">Campo. --</subfield>
    <subfield code="t">Cultivos. --</subfield>
    <subfield code="t">Otros vegetales. --</subfield>
    <subfield code="t">Algunas industrias relacionadas con la agricultura. --</subfield>
    <subfield code="g">Vol. 2.</subfield>
    <subfield code="t">Ganader&#xED;a. --</subfield>
    <subfield code="t">Animales dom&#xE9;sticos. --</subfield>
    <subfield code="t">Reptiles. --</subfield>
    <subfield code="t">Insectos. --</subfield>
    <subfield code="t">Batracios. --</subfield>
    <subfield code="t">P&#xE1;jaros. --</subfield>
    <subfield code="t">Animales salvajes. --</subfield>
    <subfield code="g">Vol. 3.</subfield>
    <subfield code="t">Familia. --</subfield>
    <subfield code="t">Ciclo de vid. --</subfield>
    <subfield code="t">Instituciones. --</subfield>
    <subfield code="t">Vida religiosa. --</subfield>
    <subfield code="t">Festividades y distracciones. --</subfield>
    <subfield code="g">Vol. 4.</subfield>
    <subfield code="t">Vestido. --</subfield>
    <subfield code="t">Vivienda. --</subfield>
    <subfield code="g">Vol. 5.</subfield>
    <subfield code="t">Oficios y empleos. --</subfield>
    <subfield code="t">Transportes. --</subfield>
    <subfield code="t">Embarcaciones y pesca. --</subfield>
    <subfield code="t">Fon&#xE9;tica. --</subfield>
    <subfield code="t">Gram&#xE1;tica. --</subfield>
    <subfield code="g">Vol. 7.</subfield>
    <subfield code="t">Manual del ALEC. --</subfield>
    <subfield code="g">Vol. 8.</subfield>
    <subfield code="t">Glosario lexicogr&#xE1;fico del atlas ling&#xFC;&#xED;stico-etnogr&#xE1;fico de Colombia. --</subfield>
    <subfield code="g">Vol. 9.</subfield>
    <subfield code="t">Cuestionario preliminar.</subfield>
  </datafield>
  <datafield tag="650" ind1="2" ind2="4">
    <subfield code="a">Dialectolog&#xED;a</subfield>
    <subfield code="v">atlas</subfield>
    <subfield code="9">12884</subfield>
  </datafield>
  <datafield tag="650" ind1="2" ind2="4">
    <subfield code="a">Espa&#xF1;ol</subfield>
    <subfield code="x">dialectos</subfield>
    <subfield code="9">12885</subfield>
  </datafield>
  <datafield tag="650" ind1="2" ind2="4">
    <subfield code="a">Espa&#xF1;ol</subfield>
    <subfield code="x">provincialismos</subfield>
    <subfield code="9">12886</subfield>
  </datafield>
  <datafield tag="700" ind1="1" ind2=" ">
    <subfield code="a">Buesa Oliver, Tom&#xE1;s</subfield>
    <subfield code="d">1923-</subfield>
    <subfield code="9">12889</subfield>
  </datafield>
  <datafield tag="700" ind1="1" ind2=" ">
    <subfield code="a">Fl&#xF3;rez, Luis</subfield>
    <subfield code="d">1916-</subfield>
    <subfield code="9">12887</subfield>
  </datafield>
  <datafield tag="700" ind1="1" ind2=" ">
    <subfield code="a">Su&#xE1;rez Pineda, Luis Francisco</subfield>
    <subfield code="9">12888</subfield>
  </datafield>
  <datafield tag="942" ind1=" " ind2=" ">
    <subfield code="2">ddc</subfield>
    <subfield code="c">BK</subfield>
  </datafield>
  <datafield tag="999" ind1=" " ind2=" ">
    <subfield code="c">37071</subfield>
    <subfield code="d">37071</subfield>
  </datafield>
  <datafield tag="952" ind1=" " ind2=" ">
    <subfield code="0">0</subfield>
    <subfield code="1">0</subfield>
    <subfield code="2">ddc</subfield>
    <subfield code="4">0</subfield>
    <subfield code="5">1</subfield>
    <subfield code="7">0</subfield>
    <subfield code="8">003</subfield>
    <subfield code="a">MEVIECAR</subfield>
    <subfield code="b">MEVIECAR</subfield>
    <subfield code="d">2019-09-01</subfield>
    <subfield code="g">1.00</subfield>
    <subfield code="h">v. 1</subfield>
    <subfield code="l">0</subfield>
    <subfield code="o">467.9861 I57a</subfield>
    <subfield code="p">32428</subfield>
    <subfield code="r">2018-09-13 00:00:00</subfield>
    <subfield code="w">2018-09-13</subfield>
    <subfield code="y">BK</subfield>
  </datafield>
  <datafield tag="952" ind1=" " ind2=" ">
    <subfield code="0">0</subfield>
    <subfield code="1">0</subfield>
    <subfield code="2">ddc</subfield>
    <subfield code="4">0</subfield>
    <subfield code="5">1</subfield>
    <subfield code="7">0</subfield>
    <subfield code="8">003</subfield>
    <subfield code="a">MEVIECAR</subfield>
    <subfield code="b">MEVIECAR</subfield>
    <subfield code="d">2019-09-01</subfield>
    <subfield code="g">1.00</subfield>
    <subfield code="h">v. 6</subfield>
    <subfield code="l">0</subfield>
    <subfield code="o">467.9861 I57a</subfield>
    <subfield code="p">32429</subfield>
    <subfield code="r">2019-05-07 00:00:00</subfield>
    <subfield code="w">2018-09-13</subfield>
    <subfield code="y">BK</subfield>
  </datafield>
  <datafield tag="952" ind1=" " ind2=" ">
    <subfield code="0">0</subfield>
    <subfield code="1">0</subfield>
    <subfield code="2">ddc</subfield>
    <subfield code="4">0</subfield>
    <subfield code="5">1</subfield>
    <subfield code="7">0</subfield>
    <subfield code="8">003</subfield>
    <subfield code="a">MEVIECAR</subfield>
    <subfield code="b">MEVIECAR</subfield>
    <subfield code="d">2019-09-01</subfield>
    <subfield code="g">1.00</subfield>
    <subfield code="h">v. 2</subfield>
    <subfield code="l">0</subfield>
    <subfield code="o">467.9861 I57a</subfield>
    <subfield code="p">32430</subfield>
    <subfield code="r">2018-09-13 00:00:00</subfield>
    <subfield code="w">2018-09-13</subfield>
    <subfield code="y">BK</subfield>
  </datafield>
  <datafield tag="952" ind1=" " ind2=" ">
    <subfield code="0">0</subfield>
    <subfield code="1">0</subfield>
    <subfield code="2">ddc</subfield>
    <subfield code="4">0</subfield>
    <subfield code="5">1</subfield>
    <subfield code="7">0</subfield>
    <subfield code="8">003</subfield>
    <subfield code="a">MEVIECAR</subfield>
    <subfield code="b">MEVIECAR</subfield>
    <subfield code="d">2019-09-01</subfield>
    <subfield code="g">1.00</subfield>
    <subfield code="h">v. 3</subfield>
    <subfield code="l">0</subfield>
    <subfield code="o">467.9861 I57a</subfield>
    <subfield code="p">32431</subfield>
    <subfield code="r">2018-09-13 00:00:00</subfield>
    <subfield code="w">2018-09-13</subfield>
    <subfield code="y">BK</subfield>
  </datafield>
  <datafield tag="952" ind1=" " ind2=" ">
    <subfield code="0">0</subfield>
    <subfield code="1">0</subfield>
    <subfield code="2">ddc</subfield>
    <subfield code="4">0</subfield>
    <subfield code="5">1</subfield>
    <subfield code="7">0</subfield>
    <subfield code="8">003</subfield>
    <subfield code="a">MEVIECAR</subfield>
    <subfield code="b">MEVIECAR</subfield>
    <subfield code="d">2019-09-01</subfield>
    <subfield code="g">1.00</subfield>
    <subfield code="h">v. 4</subfield>
    <subfield code="l">0</subfield>
    <subfield code="o">467.9861 I57a</subfield>
    <subfield code="p">32432</subfield>
    <subfield code="r">2018-09-13 00:00:00</subfield>
    <subfield code="w">2018-09-13</subfield>
    <subfield code="y">BK</subfield>
  </datafield>
  <datafield tag="952" ind1=" " ind2=" ">
    <subfield code="0">0</subfield>
    <subfield code="1">0</subfield>
    <subfield code="2">ddc</subfield>
    <subfield code="4">0</subfield>
    <subfield code="5">1</subfield>
    <subfield code="7">0</subfield>
    <subfield code="8">003</subfield>
    <subfield code="a">MEVIECAR</subfield>
    <subfield code="b">MEVIECAR</subfield>
    <subfield code="d">2019-09-01</subfield>
    <subfield code="g">1.00</subfield>
    <subfield code="h">v. 5</subfield>
    <subfield code="l">0</subfield>
    <subfield code="o">467.9861 I57a</subfield>
    <subfield code="p">32433</subfield>
    <subfield code="r">2018-09-13 00:00:00</subfield>
    <subfield code="w">2018-09-13</subfield>
    <subfield code="y">BK</subfield>
  </datafield>
  <datafield tag="952" ind1=" " ind2=" ">
    <subfield code="0">0</subfield>
    <subfield code="1">0</subfield>
    <subfield code="2">ddc</subfield>
    <subfield code="4">0</subfield>
    <subfield code="5">1</subfield>
    <subfield code="7">0</subfield>
    <subfield code="8">003</subfield>
    <subfield code="a">MEVIECAR</subfield>
    <subfield code="b">MEVIECAR</subfield>
    <subfield code="d">2019-09-01</subfield>
    <subfield code="g">1.00</subfield>
    <subfield code="h">suplemento</subfield>
    <subfield code="l">0</subfield>
    <subfield code="o">467.9861 I57a</subfield>
    <subfield code="p">08071</subfield>
    <subfield code="r">2018-09-13 00:00:00</subfield>
    <subfield code="w">2018-09-13</subfield>
    <subfield code="y">BK</subfield>
  </datafield>
</record>
